000 00566cam a22002053a 4500
001 38829
003 PGUSA
005 20140828083845.0
008 120211s2012||||xxu|||||s|||||000 | eng d
040 _aPGUSA
_beng
042 _adc
100 1 _aSedding, John D.
245 1 0 _aGarden-Craft Old and New
_h[electronic resource] /
_cJohn D. Sedding
260 _bProject Gutenberg,
_c2012
506 _aPublic domain in the USA.
516 _aElectronic text
830 0 _aProject Gutenberg
_v38829
856 4 0 _uhttp://www.gutenberg.org/ebooks/38829
942 _cEB
999 _c268083
_d268083